India: (Record no. 7985)

MARC details
000 -LEADER
fixed length control field 00691 a2200193 4500
010 ## - LIBRARY OF CONGRESS CONTROL NUMBER
LC control number ENG-88280
020 ## - INTERNATIONAL STANDARD BOOK NUMBER
Terms of availability 200.00
International Standard Book Number 8177111620
035 ## - SYSTEM CONTROL NUMBER
System control number EN-71813
037 ## - SOURCE OF ACQUISITION
Source of stock number/acquisition DBAD / PUB
082 14 - DEWEY DECIMAL CLASSIFICATION NUMBER
Classification number 320.954
090 ## - LOCALLY ASSIGNED LC-TYPE CALL NUMBER (OCLC); LOCAL CALL NUMBER (OCLC)
-- 8132
-- 8132
245 1# - TITLE STATEMENT
Title India:
Statement of responsibility, etc edited by K. S. Rajora
Remainder of title the changing perspective/
260 ## - PUBLICATION, DISTRIBUTION, ETC. (IMPRINT)
Place of publication, distribution, etc Jaipur
Name of publisher, distributor, etc Sahityagar
Date of publication, distribution, etc 2007
270 ## - ADDRESS
Address Dhamani Market Ki Gali, Chaura Rasta
City Jaipur
Postal code 302 003
Telephone number 0141-2310785, 0141-2322382
300 ## - PHYSICAL DESCRIPTION
Extent 119 p.
Dimensions 22cm (Hb.)
700 1# - ADDED ENTRY--PERSONAL NAME
Personal name Rajora, K. S.
942 ## - ADDED ENTRY ELEMENTS (KOHA)
Institution code [OBSOLETE] dpl
Koha item type English Books
Call number prefix 320.954 / IND
Holdings
Withdrawn status Lost status Source of classification or shelving scheme Damaged status Not for loan Collection code Home library Current library Date acquired Total Checkouts Full call number Barcode Date last seen Uniform Resource Identifier Cost, replacement price Price effective from
    Dewey Decimal Classification     Non-fiction Sarojini Nagar Sarojini Nagar 26/04/2012   320.954 IND EN-71813 15/09/2008 8889 200.00 15/09/2008

© Delhi Public Library
Hit Counter
free hit counter